000 00215 a2200109 4500
020 _a9780769660882
041 _aspa
100 _aCarol Ottolenghi
245 _aEl Conejo de Terciopelo
942 _cBK
952 _71
999 _c24912
_d24912